El Ferrocarril de Pons a Tarragona per Cervera, Sta. Coloma i Valls
Descripción Física:
51 p. ; 22 cm + 1 mapa pleg.
Materias:
Ferrocarrils -- Construcció
MARC
| LEADER | 00000nam a2200000Ia 4500 | ||
|---|---|---|---|
| 001 | 17611, 17612 , 17627 | ||
| 008 | 160829s1919 xx 000 0 cat d | ||
| 080 | |a RF-2-11, 3201, 3197 | ||
| 245 | |a El Ferrocarril de Pons a Tarragona per Cervera, Sta. Coloma i Valls | ||
| 260 | |a Tarragona : |b [s.n.], |c 1919 | ||
| 300 | |a 51 p. ; |c 22 cm + 1 mapa pleg. | ||
| 590 | |a Conté el plànol amb el traçat aproximat del ferrocarril | ||
| 650 | |a Ferrocarrils |x Construcció |9 40018 | ||
| 856 | 4 | |u https://media.diba.cat/diba/fitxers/arxiu/fulletons/bib_17611_1919_baixa.pdf |y Accés lliure | |
| 856 | 4 | |u https://media.diba.cat/diba/fitxers/arxiu/fulletons/bib_17611_1919_baixa.pdf |y Accés lliure | |
| 901 | |a Arxiu | ||
| 942 | |n 1 |2 udc | ||
| 952 | |0 0 |1 0 |4 0 |6 RF211_3201_3197 |7 1 |9 54312 |a Arxiu |b Arxiu |d 2016-12-01 |l 0 |o RF-2-11, 3201, 3197 |p 17611, 17612 , 17627 |r 2016-12-01 00:00:00 |w 2016-12-01 |y ARXIU | ||
| 999 | |c 58181 |d 58181 | ||
| 900 | |a bib_17611_1919_baixa.pdf | ||